The dome : (Record no. 353733)

000 -LEADER
fixed length control field 00952nam a2200289 a 4500
001 - CONTROL NUMBER
control field ASIN0691003041
003 - CONTROL NUMBER IDENTIFIER
control field OSt
005 - DATE AND TIME OF LATEST TRANSACTION
control field 20180116192416.0
008 - FIXED-LENGTH DATA ELEMENTS--GENERAL INFORMATION
fixed length control field 130723s1985 xxu eng d
020 ## - INTERNATIONAL STANDARD BOOK NUMBER
International Standard Book Number 0691003041 (paperback)
Terms of availability $15.95
020 ## - INTERNATIONAL STANDARD BOOK NUMBER
International Standard Book Number 9780691003047 (paperback)
040 ## - CATALOGING SOURCE
Transcribing agency Del
050 04 - LIBRARY OF CONGRESS CALL NUMBER
Classification number NA2890
082 04 - DEWEY DECIMAL CLASSIFICATION NUMBER
Classification number 721.46
100 1# - MAIN ENTRY--PERSONAL NAME
Personal name Smith, E. Baldwin.
9 (RLIN) 6686
245 14 - TITLE STATEMENT
Title The dome :
Remainder of title a study in the history of ideas /
Statement of responsibility, etc. E. Baldwin Smith.
250 ## - EDITION STATEMENT
Edition statement 1st ed.
260 ## - PUBLICATION, DISTRIBUTION, ETC.
Place of publication, distribution, etc. Princeton, :
-- New Jersey, :
Name of publisher, distributor, etc. Princeton Univ Pr,
Date of publication, distribution, etc. 1978.
300 ## - PHYSICAL DESCRIPTION
Extent 216 p. ;
Dimensions 29 cm.
490 1# - SERIES STATEMENT
Series statement Monographs in art & archaeology.
650 #0 - SUBJECT ADDED ENTRY--TOPICAL TERM
Topical term or geographic name entry element Architecture, Byzantine
9 (RLIN) 6687
650 #0 - SUBJECT ADDED ENTRY--TOPICAL TERM
Topical term or geographic name entry element Domes
9 (RLIN) 6688
830 #0 - SERIES ADDED ENTRY--UNIFORM TITLE
Uniform title Monographs in art & archaeology.
9 (RLIN) 6689
856 40 - ELECTRONIC LOCATION AND ACCESS
Materials specified Amazon.com
Uniform Resource Identifier <a href="http://www.amazon.com/exec/obidos/ASIN/0691003041/chopaconline-20">http://www.amazon.com/exec/obidos/ASIN/0691003041/chopaconline-20</a>
942 ## - ADDED ENTRY ELEMENTS (KOHA)
Source of classification or shelving scheme
Koha item type Book
Holdings
Withdrawn status Lost status Source of classification or shelving scheme Damaged status Not for loan Permanent Location Current Location Date acquired Total Checkouts Full call number Barcode Date last seen Date last checked out Copy number Cost, replacement price Price effective from Koha item type
          School of Art Design and Architecture (SADA) School of Art Design and Architecture (SADA) 07/18/2013 1 721.46 SMI 1978 SADA0002107 12/04/2014 12/03/2014 1 777.72 07/23/2013 Book
© 2023 Central Library, National University of Sciences and Technology. All Rights Reserved.